Our skin / (Record no. 267903)
[ view plain ]
| 000 -LEADER | |
|---|---|
| fixed length control field | 01475cam a22004334a 4500 |
| 001 - CONTROL NUMBER | |
| control field | ocm86117790 |
| 003 - CONTROL NUMBER IDENTIFIER | |
| control field | OCoLC |
| 005 - DATE AND TIME OF LATEST TRANSACTION | |
| control field | 20200320182644.0 |
| 008 - FIXED-LENGTH DATA ELEMENTS--GENERAL INFORMATION | |
| fixed length control field | 070321s2008 flua j b 001 0 eng |
| 010 ## - LIBRARY OF CONGRESS CONTROL NUMBER | |
| LC control number | 2007011850 |
| 020 ## - INTERNATIONAL STANDARD BOOK NUMBER | |
| International Standard Book Number | 9781600445156 (hardcover) |
| 020 ## - INTERNATIONAL STANDARD BOOK NUMBER | |
| International Standard Book Number | 1600445152 (hardcover) |
| 020 ## - INTERNATIONAL STANDARD BOOK NUMBER | |
| International Standard Book Number | 9781600446764 (softcover) |
| 020 ## - INTERNATIONAL STANDARD BOOK NUMBER | |
| International Standard Book Number | 1600446760 (softcover) |
| 020 ## - INTERNATIONAL STANDARD BOOK NUMBER | |
| Terms of availability | 15.95 |
| 029 1# - (OCLC) | |
| OCLC library identifier | AU@ |
| System control number | 000041422634 |
| 035 ## - SYSTEM CONTROL NUMBER | |
| System control number | (OCoLC)86117790 |
| 040 ## - CATALOGING SOURCE | |
| Original cataloging agency | DLC |
| Transcribing agency | DLC |
| Modifying agency | BAKER |
| -- | BTCTA |
| -- | WACOL |
| 049 ## - LOCAL HOLDINGS (OCLC) | |
| Holding library | WACL |
| 050 00 - LIBRARY OF CONGRESS CALL NUMBER | |
| Classification number | QP88.5 |
| Item number | .T43 2008 |
| 082 00 - DEWEY DECIMAL CLASSIFICATION NUMBER | |
| Classification number | 612.7/9 |
| Edition number | 22 |
| 092 ## - LOCALLY ASSIGNED DEWEY CALL NUMBER (OCLC) | |
| Classification number | E |
| Item number | Tha |
| 100 1# - MAIN ENTRY--PERSONAL NAME | |
| Personal name | Thames, Susan. |
| 9 (RLIN) | 35564 |
| 245 10 - TITLE STATEMENT | |
| Title | Our skin / |
| Statement of responsibility, etc | Susan Thames. |
| 260 ## - PUBLICATION, DISTRIBUTION, ETC. (IMPRINT) | |
| Place of publication, distribution, etc | Vero Beach, Fla. : |
| Name of publisher, distributor, etc | Rourke Pub., |
| Date of publication, distribution, etc | c2008. |
| 300 ## - PHYSICAL DESCRIPTION | |
| Extent | 24 p. : |
| Other physical details | col. ill. ; |
| Dimensions | 21 cm. |
| 490 0# - SERIES STATEMENT | |
| Series statement | Our bodies |
| 490 0# - SERIES STATEMENT | |
| Series statement | Rourke discovery library |
| 504 ## - BIBLIOGRAPHY, ETC. NOTE | |
| Bibliography, etc | Includes bibliographical references (p. 24) and index. |
| 505 0# - FORMATTED CONTENTS NOTE | |
| Formatted contents note | Your skin -- What skin does -- Healthy skin. |
| 650 #0 - SUBJECT ADDED ENTRY--TOPICAL TERM | |
| Topical term or geographic name as entry element | Skin |
| Form subdivision | Juvenile literature. |
| 9 (RLIN) | 5702630 |
| 938 ## - | |
| -- | Baker & Taylor |
| -- | BKTY |
| -- | 22.79 |
| -- | 22.79 |
| -- | 1600445152 |
| -- | 0007269513 |
| -- | active |
| 938 ## - | |
| -- | Baker & Taylor |
| -- | BKTY |
| -- | 6.95 |
| -- | 6.95 |
| -- | 1600446760 |
| -- | 0007269648 |
| -- | active |
| 938 ## - | |
| -- | Baker and Taylor |
| -- | BTCP |
| -- | BK0007269648 |
| 942 ## - ADDED ENTRY ELEMENTS (KOHA) | |
| Koha item type | BOOK |
| 948 ## - LOCAL PROCESSING INFORMATION (OCLC); SERIES PART DESIGNATOR (RLIN) | |
| Series part designator, SPT (RLIN) | 07/22/2008 |
| z (OCLC) | Sirsi |
| 994 ## - | |
| -- | 02 |
| -- | WACOL |
| 996 ## - | |
| -- | 64717 |
| -- | 34301000766701 |
| -- | E |
| -- | bk |
| -- | wcl |
| -- | i |
| -- | 14 |
| -- | 15.95 |
| -- | World Media Express |
| -- | Tha |
| -- | 07/23/2008 |
| -- | 03/03/2020 |
| -- | 02/27/2020 |
| Withdrawn status | Lost status | Source of classification or shelving scheme | Damaged status | Not for loan | Collection code | Home library | Current library | Shelving location | Date acquired | Cost, normal purchase price | Total Checkouts | Total Renewals | Full call number | Barcode | Checked out | Date last seen | Date checked out | Cost, replacement price | Price effective from | Koha item type |
|---|---|---|---|---|---|---|---|---|---|---|---|---|---|---|---|---|---|---|---|---|
| Long Overdue (Lost) | Dewey Decimal Classification | Children NonFiction | Wasatch County Library | Wasatch County Library | Main Floor Childrens Area | 07/23/2008 | 15.95 | 24 | 6 | E Mind/Body Body Thames | 34301000766701 | 02/14/2025 | 12/18/2024 | 12/18/2024 | 15.95 | 03/20/2020 | BOOK |
